Alle Pokemon Attacken von Typ Boden - Statistiken

Allgemein
  • Dieses Quiz wurde 156 mal gespielt
    19 seit der letzten Aktualisierung
  • Das Durchschnittsergebnis liegt bei 14 aus 28
Antwortstatistiken
Klasse Stärke Genau. Attacke % Korrekt
physisch 100 100 Erdbeben
92%
speziell 20 100 Lehmschelle
92%
speziell 90 100 Erdkräfte
83%
physisch K.O. variiert Geofissur
83%
speziell 55 95 Lehmschuss
83%
status - - Lehmsuhler
75%
physisch variiert 100 Intensität
67%
physisch 35 85 Sandgrab
67%
status - 100 Sandwirbel
67%
physisch 80 100 Schaufler
67%
physisch 60 100 Dampfwalze
58%
speziell 65 85 Schlammbombe
58%
physisch 50 90 Knochmerang
50%
physisch 25 90 Knochenhatz
42%
status - - Sandsammler
42%
physisch 80 95 Schlagbohrer
42%
physisch 90 100 Tausend Pfeile
42%
physisch 120 85 Abgrundsklinge
33%
physisch 90 100 Bodengewalt
33%
speziell 70 100 Brandsand
33%
physisch 65 85 Knochenkeule
33%
physisch 90 100 Tausend Wellen
33%
physisch 75 100 Fruststampfer
25%
physisch 95 95 Pferdestärke
25%
physisch 120 100 Schmetterramme
25%
status - - Stachler
25%
speziell 100 80 Wüstenorkan
25%
status - - Pflüger
17%
Keine übereinstimmenden Quizze gefunden
Verteilung der Resultate
Anzahl Personen mit jedem Resultat
Perzentil nach korrekt beantworteten Fragen
Ihre Resultats-Entwicklung
Sie haben dieses Quiz seit der letzten Aktualisierung nicht gespielt